[Event "I Open Grand Paradis"]
[Site "Arvier ITA"]
[Date "2014.07.23"]
[Round "5"]
[White "Marguerettaz, Davy"]
[Black "Naumkin, Igor"]
[WhiteElo "2187"]
[BlackElo "2445"]
[Result "1-0"]
[PlyCount "113"]
[EventDate "2014.07.19"]

1. d4 e6 2. e4 d5 3. Nc3 Nf6 4. e5 Nfd7 5. Nce2 c5 6. c3 Nc6 7. f4 b5 8. a3 Qb6
9. Be3 c4 10. Nf3 Be7 11. g3 f6 12. Bh3 fxe5 13. Bxe6 e4 14. Ng5 Nf6 15. O-O
Nd8 16. Bxc8 Rxc8 17. a4 Ng4 18. Bc1 b4 19. a5 Qc6 20. cxb4 Bxb4 21. Nc3 Nf6
22. f5 O-O 23. Bf4 h6 24. Nh3 Nb7 25. Be5 Nd7 26. Qg4 Nxe5 27. dxe5 Rce8 28. e6
Bc5+ 29. Kg2 Be7 30. Nf4 d4 31. Nh5 Bg5 32. Qxe4 Qxe4+ 33. Nxe4 g6 34. fxg6
Rxf1 35. Rxf1 Rxe6 36. Nxg5 Rxg6 37. Nf3 c3 38. Nxd4 cxb2 39. Rb1 Nxa5 40. Rxb2
Rb6 41. Ra2 Nc4 42. Rxa7 Ne3+ 43. Kf3 Nc4 44. h4 Rd6 45. Nf5 Re6 46. g4 Ne5+
47. Kg3 Rb6 48. g5 Rb3+ 49. Kf4 Ng6+ 50. Ke4 Rb4+ 51. Kd3 hxg5 52. hxg5 Ne5+
53. Kc3 Rc4+ 54. Kb3 Rc5 55. Nf6+ Kf8 56. g6 Rb5+ 57. Ka4 1-0

[Event "I Open Grand Paradis"]
[Site "Arvier ITA"]
[Date "2014.07.23"]
[Round "5"]
[White "Piazza, Giacomo"]
[Black "Bellia, Mario"]
[WhiteElo "1584"]
[BlackElo "1481"]
[Result "1-0"]
[PlyCount "65"]
[EventDate "2014.07.19"]

1. e4 c5 2. Nf3 Nc6 3. d4 cxd4 4. Nxd4 g6 5. Bc4 Ne5 6. Bb3 e6 7. Bf4 Bg7 8.
O-O a6 9. c4 Ne7 10. Nc3 O-O 11. Qd2 N7c6 12. Nxc6 bxc6 13. Bh6 Bxh6 14. Qxh6
Nd3 15. Qd2 Nc5 16. Bc2 Rb8 17. b3 d6 18. Rfe1 Qc7 19. Qf4 Rd8 20. e5 d5 21.
Ne2 Bb7 22. Ng3 Qe7 23. Qg4 Kh8 24. h4 dxc4 25. h5 Nd3 26. Bxd3 cxd3 27. Ne4 c5
28. Nf6 Rd4 29. Qg5 Qf8 30. Re3 Rbd8 31. Rh3 h6 32. hxg6 Bxg2 33. Rxh6+ 1-0

[Event "I Open Grand Paradis"]
[Site "Arvier ITA"]
[Date "2014.07.24"]
[Round "6"]
[White "Bellia, Mario"]
[Black "Bogatto, Mario"]
[WhiteElo "1481"]
[BlackElo "1413"]
[Result "1-0"]
[PlyCount "91"]
[EventDate "2014.07.19"]

1. b3 e5 2. d3 Nc6 3. Bb2 d6 4. Nf3 Nf6 5. Nbd2 Be7 6. c4 O-O 7. g3 Bg4 8. h3
Bd7 9. Bg2 Qc8 10. e3 a5 11. Ng5 h6 12. Nge4 Nb4 13. Nxf6+ Bxf6 14. Ne4 Be7 15.
a3 Nc6 16. Qc2 f5 17. Nc3 Be6 18. O-O-O f4 19. Bd5 Nd8 20. exf4 exf4 21. gxf4
Rxf4 22. Rdg1 Rf7 23. Kb1 c6 24. Be4 Bf5 25. h4 Bxe4 26. Nxe4 Qf5 27. Rg2 Ne6
28. Rhg1 Rd8 29. Qd2 Kh8 30. Qxh6+ Qh7 31. Qxe6 Rdf8 32. Qg4 Rg8 33. Ng5 Qxd3+
34. Ka2 Qg6 35. Nxf7+ Qxf7 36. h5 Bf6 37. Bxf6 Qxf6 38. Rh1 Qh6 39. Qd4 c5 40.
Qd5 Re8 41. Rg6 Qf4 42. Rxd6 Qxf2+ 43. Kb1 Kh7 44. Qd3+ Kg8 45. Rd1 Qf4 46. Rd8
1-0

[Event "I Open Grand Paradis"]
[Site "Arvier ITA"]
[Date "2014.07.24"]
[Round "6"]
[White "Cirrincione, Giansalvo"]
[Black "Cullen, Anthony P."]
[WhiteElo "1796"]
[BlackElo "2110"]
[Result "0-1"]
[PlyCount "40"]
[EventDate "2014.07.19"]

1. d4 Nf6 2. Bf4 d5 3. e3 c5 4. c3 Nc6 5. Nf3 Qb6 6. Qb3 c4 7. Qxb6 axb6 8. Na3
Bf5 9. Nb5 Ra5 10. Nc7+ Kd7 11. Be2 Nh5 12. Nxd5 Rxd5 13. Bxc4 Nxf4 14. exf4
Ra5 15. Bxf7 e6 16. Nh4 Be7 17. b4 Rd5 18. c4 Bxb4+ 19. Ke2 Nxd4+ 20. Kd1 Rd6
0-1

[Event "I Open Grand Paradis"]
[Site "Arvier ITA"]
[Date "2014.07.24"]
[Round "6"]
[White "Ciuffoletti, Paolo"]
[Black "Gromovs, Sergejs"]
[WhiteElo "2171"]
[BlackElo "2217"]
[Result "0-1"]
[PlyCount "180"]
[EventDate "2014.07.19"]

1. e4 c5 2. d4 cxd4 3. c3 Nf6 4. e5 Nd5 5. Qxd4 e6 6. Bc4 Nc6 7. Qe4 d6 8. exd6
Nf6 9. Qe2 Bxd6 10. Nf3 O-O 11. Bg5 a6 12. a4 Qc7 13. Bxf6 gxf6 14. Nbd2 Bd7
15. Ne4 Be7 16. O-O Kh8 17. b4 Rg8 18. Ng3 Ne5 19. Nxe5 Qxe5 20. Rfd1 Be8 21.
Qxe5 fxe5 22. b5 Rc8 23. Be2 a5 24. c4 f5 25. Nf1 e4 26. Nd2 b6 27. Nb3 Kg7 28.
Rac1 Kf6 29. c5 bxc5 30. Nxa5 Ra8 31. Nb3 Rxa4 32. Nxc5 Rb4 33. Nd7+ Bxd7 34.
Rxd7 Rb2 35. Bf1 Ra8 36. Rdc7 Bd6 37. R7c6 Bf4 38. Rd1 e3 39. fxe3 Bxe3+ 40.
Kh1 f4 41. Bc4 Re8 42. Re1 Kf5 43. g3 e5 44. gxf4 exf4 45. Rf1 Re7 46. Rh6 Kg5
47. Rd6 h5 48. Rd8 Kh4 49. Rg8 Rc7 50. Bd3 Rd7 51. Be4 Rdd2 52. Rg2 Rxg2 53.
Bxg2 Rxb5 54. Rf3 Rb2 55. Rf1 Bf2 56. Bf3 Kh3 57. Bxh5 Be3 58. Rf3+ Kh4 59. Bg6
Rb6 60. Bh7 Rb7 61. Bd3 Rg7 62. Rf1 f3 63. Be4 f2 64. Bg2 Bd4 65. Rd1 Rg4 66.
Rb1 Kg5 67. Rd1 Kf6 68. Rb1 Be3 69. Rd1 Ke5 70. Rb1 Bc5 71. Rc1 Kd4 72. Bf3 Rg7
73. h3 Rg3 74. Bg2 Bb4 75. Rd1+ Ke3 76. Rd7 Ke2 77. Rf7 Ra3 78. Rf6 Bd2 79.
Re6+ Be3 80. Rf6 Ra1+ 81. Kh2 Ra4 82. Bf3+ Ke1 83. Bg2 Bf4+ 84. Kh1 f1=Q+ 85.
Bxf1 Kxf1 86. Rg6 Kf2 87. Rg1 Ra3 88. Rg2+ Kf3 89. Rg8 Ra2 90. Kg1 Ra1# 0-1

[Event "I Open Grand Paradis"]
[Site "Arvier ITA"]
[Date "2014.07.24"]
[Round "6"]
[White "Naumkin, Igor"]
[Black "Bagnod, Ruben"]
[WhiteElo "2445"]
[BlackElo "1362"]
[Result "1-0"]
[PlyCount "43"]
[EventDate "2014.07.19"]

1. d4 d5 2. c4 e6 3. Nf3 Nf6 4. Bg5 Be7 5. e3 h6 6. Bxf6 Bxf6 7. Nc3 c6 8. Qc2
Nd7 9. Rd1 O-O 10. Be2 b6 11. e4 Bb7 12. e5 Be7 13. h4 Rc8 14. h5 c5 15. cxd5
exd5 16. Qf5 Rc6 17. Nxd5 Re6 18. Nf4 g6 19. hxg6 fxg6 20. Qxe6+ Rf7 21. Qxg6+
Kf8 22. Ne6+ 1-0

[Event "I Open Grand Paradis"]
[Site "Arvier ITA"]
[Date "2014.07.24"]
[Round "6"]
[White "Renzi, Marco"]
[Black "Baloire, Endy"]
[WhiteElo "1907"]
[BlackElo "1985"]
[Result "1-0"]
[PlyCount "67"]
[EventDate "2014.07.19"]

1. e4 c6 2. d4 d5 3. Nc3 dxe4 4. Nxe4 Nd7 5. Bf4 Ngf6 6. Nxf6+ Nxf6 7. Nf3 e6
8. Bc4 Bd6 9. Qd2 O-O 10. O-O Qc7 11. Bxd6 Qxd6 12. Rfe1 b6 13. Re5 Bb7 14.
Rae1 Rfd8 15. Rxe6 fxe6 16. Rxe6 Kf8 17. Rxd6 Rxd6 18. Qf4 Rad8 19. Ng5 Bc8 20.
Nxh7+ Ke7 21. Nxf6 gxf6 22. Qe4+ Be6 23. Qh7+ Ke8 24. Qh8+ Kd7 25. Qg7+ Ke8 26.
Qg6+ Kd7 27. Bxe6+ Rxe6 28. Qf5 Ke7 29. Qh7+ Kd6 30. g3 Rd7 31. Qf5 a5 32. h4
a4 33. h5 a3 34. bxa3 1-0

[Event "I Open Grand Paradis"]
[Site "Arvier ITA"]
[Date "2014.07.24"]
[Round "6"]
[White "Siviero, Mattia"]
[Black "Lyabel, Giacomo"]
[WhiteElo "1705"]
[BlackElo "1512"]
[Result "1/2-1/2"]
[PlyCount "101"]
[EventDate "2014.07.19"]

1. d4 d5 2. Bf4 c5 3. e3 cxd4 4. exd4 Nc6 5. c3 Nf6 6. Bd3 Bd7 7. Nd2 e6 8.
Ngf3 Nh5 9. Bg3 Nxg3 10. hxg3 h6 11. Ne5 Nxe5 12. dxe5 Qc7 13. Nf3 O-O-O 14.
Qe2 Bc5 15. O-O Kb8 16. Rfc1 Rc8 17. Rc2 Qb6 18. b4 Be7 19. a4 a6 20. Nd4 a5
21. b5 Qc7 22. Nb3 b6 23. c4 dxc4 24. Rxc4 Qd8 25. Rac1 Rxc4 26. Rxc4 Bb4 27.
Be4 Ka7 28. Qc2 Kb8 29. Nd4 Bc5 30. Nb3 Bb4 31. Bc6 Bc8 32. Nd4 Bc5 33. Rxc5
Qxd4 34. Rc4 Qxe5 35. Qd3 Qc7 36. Rd4 Qe7 37. Qd2 Kc7 38. Rc4 Kb8 39. Qf4+ e5
40. Qe3 Ka7 41. Bd5 f6 42. Rc6 Qd8 43. Qc1 Qxd5 44. Rxc8 Rxc8 45. Qxc8 Qb7 46.
Qf8 Qd7 47. Kh2 Kb7 48. Qa3 Qf7 49. Qf3+ Ka7 50. Qd3 Kb7 51. Qe4+ 1/2-1/2

[Event "I Open Grand Paradis"]
[Site "Arvier ITA"]
[Date "2014.07.24"]
[Round "6"]
[White "Trovero, Leo"]
[Black "Marguerettaz, Davy"]
[WhiteElo "1756"]
[BlackElo "2187"]
[Result "0-1"]
[PlyCount "68"]
[EventDate "2014.07.19"]

1. e4 e5 2. Nf3 Nc6 3. c3 Nf6 4. d4 Nxe4 5. d5 Nb8 6. Nxe5 Bc5 7. Nd3 Bb6 8.
Qf3 O-O 9. Be2 Re8 10. O-O d6 11. Nd2 Ng5 12. Qh5 g6 13. Qh6 Rxe2 14. h4 Ne4
15. Nf3 Bf5 16. a4 a5 17. Be3 Nd7 18. Bxb6 cxb6 19. Nd4 Rd2 20. Nxf5 gxf5 21.
f3 Qf6 22. Qe3 Rxd3 23. Qxd3 Ng3 24. Rfe1 Qxh4 25. Rad1 Ne5 26. Qd4 f4 27. Rxe5
dxe5 28. Qd3 Rd8 29. Re1 Qf6 30. c4 Nf5 31. Qe4 Ne3 32. b3 Qg6 33. Rxe3 fxe3
34. Qxe3 Re8 0-1

[Event "I Open Grand Paradis"]
[Site "Arvier ITA"]
[Date "2014.07.25"]
[Round "7"]
[White "Bagnod, Ruben"]
[Black "Siviero, Mattia"]
[WhiteElo "1362"]
[BlackElo "1705"]
[Result "0-1"]
[PlyCount "72"]
[EventDate "2014.07.19"]

1. d4 d5 2. c4 c6 3. Nf3 Nf6 4. e3 e6 5. Bd3 Nbd7 6. Nc3 dxc4 7. Bxc4 b5 8. Bb3
b4 9. Na4 Ba6 10. a3 bxa3 11. bxa3 c5 12. dxc5 Nxc5 13. Nxc5 Bxc5 14. Ba4+ Ke7
15. Ne5 Qxd1+ 16. Bxd1 Bb7 17. a4 Bb4+ 18. Bd2 Bxd2+ 19. Kxd2 Rhd8+ 20. Ke1
Rac8 21. Rb1 Bxg2 22. Rg1 Be4 23. Rb4 Rc1 24. Ke2 Ra1 25. f3 Ra2+ 26. Ke1 Ba8
27. Rxg7 Nd5 28. Rd4 Kf6 29. Rxf7+ Kxe5 30. Rxh7 Rg8 31. f4+ Kd6 32. Kf1 Kc5
33. Rh5 Rgg2 34. h4 Bb7 35. Bf3 Ba6+ 36. Ke1 Rg1# 0-1

[Event "I Open Grand Paradis"]
[Site "Arvier ITA"]
[Date "2014.07.25"]
[Round "7"]
[White "Baloire, Endy"]
[Black "Bellia, Mario"]
[WhiteElo "1985"]
[BlackElo "1481"]
[Result "1-0"]
[PlyCount "51"]
[EventDate "2014.07.19"]

1. d4 d5 2. c4 e6 3. Nf3 Nf6 4. e3 Nbd7 5. Bd3 c6 6. O-O Qc7 7. b3 Be7 8. Bb2
a6 9. Nbd2 b6 10. Ne5 Bb7 11. f4 c5 12. Rc1 Rc8 13. Ndf3 Nxe5 14. Nxe5 O-O 15.
f5 dxc4 16. bxc4 Ne4 17. fxe6 fxe6 18. Qg4 Ng5 19. h4 Rxf1+ 20. Rxf1 h5 21.
Qxh5 Be4 22. Bxe4 Nxe4 23. Qf7+ Kh8 24. Ng6+ Kh7 25. Nxe7 Nd6 26. Qh5# 1-0

[Event "I Open Grand Paradis"]
[Site "Arvier ITA"]
[Date "2014.07.25"]
[Round "7"]
[White "Bogatto, Mario"]
[Black "Lyabel, Giacomo"]
[WhiteElo "1413"]
[BlackElo "1512"]
[Result "0-1"]
[PlyCount "101"]
[EventDate "2014.07.19"]

1. e4 c5 2. Ne2 Nc6 3. Nbc3 d6 4. Ng3 g6 5. a3 Bg7 6. Bc4 Nf6 7. d3 O-O 8. O-O
b6 9. Nd5 Nxd5 10. Bxd5 Bb7 11. c3 e6 12. Bb3 Re8 13. Be3 a6 14. Qd2 Rc8 15.
Rad1 d5 16. exd5 exd5 17. d4 cxd4 18. cxd4 Na5 19. Qd3 b5 20. Ne2 Nc4 21. Bc1
Qb6 22. Bxc4 bxc4 23. Qc2 Bc6 24. Be3 Rb8 25. Rd2 Rec8 26. Qc3 Rb7 27. Bf4 Bd7
28. Ng3 Re8 29. Rc1 Ba4 30. Nf1 Qd8 31. Ne3 Rb3 32. Qc2 Rxa3 33. Qb1 Rb3 34.
Rc3 Rxc3 35. bxc3 Bb5 36. Qb4 Bf8 37. Qb2 Bc6 38. Qa1 a5 39. Rb2 a4 40. Qb1 Qd7
41. Rb8 Rxb8 42. Bxb8 Qb7 43. Qxb7 Bxb7 44. Nc2 g5 45. g4 Bc6 46. f4 f6 47. f5
a3 48. Kf1 a2 49. Ke1 Ba4 50. Na1 Ba3 51. Bf4 0-1

[Event "I Open Grand Paradis"]
[Site "Arvier ITA"]
[Date "2014.07.25"]
[Round "7"]
[White "Gromovs, Sergejs"]
[Black "Cullen, Anthony P."]
[WhiteElo "2217"]
[BlackElo "2110"]
[Result "1-0"]
[PlyCount "61"]
[EventDate "2014.07.19"]

1. d4 g6 2. g3 Bg7 3. Bg2 d6 4. c4 Nf6 5. Nc3 O-O 6. Nf3 Nc6 7. O-O a6 8. h3
Rb8 9. a4 a5 10. b3 e5 11. Bb2 Nxd4 12. Nxd4 exd4 13. Qxd4 Nd7 14. Qd1 Nc5 15.
Rb1 Be6 16. Nb5 Bxb2 17. Rxb2 Qd7 18. Kh2 Rbe8 19. Qd2 f5 20. Qxa5 b6 21. Qd2
Ne4 22. Qd4 c6 23. Nc3 Nxc3 24. Qxc3 f4 25. g4 d5 26. Bf3 d4 27. Qb4 d3 28. Rd2
dxe2 29. Re1 c5 30. Rxd7 cxb4 31. Rd6 1-0

[Event "I Open Grand Paradis"]
[Site "Arvier ITA"]
[Date "2014.07.25"]
[Round "7"]
[White "Marguerettaz, Davy"]
[Black "Ciuffoletti, Paolo"]
[WhiteElo "2187"]
[BlackElo "2171"]
[Result "1-0"]
[PlyCount "61"]
[EventDate "2014.07.19"]

1. d4 d5 2. c4 c6 3. Nf3 Nf6 4. Nc3 dxc4 5. a4 Bg4 6. Ne5 Bh5 7. f3 e6 8. g4
Nd5 9. h4 f6 10. Nxc4 Bf7 11. e4 Nb4 12. Be3 Nd7 13. Be2 e5 14. O-O exd4 15.
Bxd4 Nc5 16. Bf2 Ncd3 17. Bxd3 Nxd3 18. b3 h5 19. Qc2 Bxc4 20. Rad1 Ba6 21. Nb5
cxb5 22. Rxd3 Qc8 23. Rc3 Qe6 24. e5 Bb4 25. exf6 Bxc3 26. fxg7 Rg8 27. Qxc3
Kf7 28. Re1 Qf6 29. Bd4 Qc6 30. Qe3 Rge8 31. g8=Q+ 1-0

[Event "I Open Grand Paradis"]
[Site "Arvier ITA"]
[Date "2014.07.25"]
[Round "7"]
[White "Piazza, Giacomo"]
[Black "Naumkin, Igor"]
[WhiteElo "1584"]
[BlackElo "2445"]
[Result "0-1"]
[PlyCount "78"]
[EventDate "2014.07.19"]

1. d4 Nf6 2. Bg5 e6 3. Nc3 d5 4. Nf3 c5 5. e3 Nbd7 6. a3 Be7 7. Be2 O-O 8. O-O
b6 9. Rb1 Bb7 10. b4 cxd4 11. exd4 Rc8 12. Qd2 a6 13. Rb3 b5 14. Bd3 Ne4 15.
Bxe4 dxe4 16. Bxe7 Qxe7 17. Ng5 f5 18. d5 exd5 19. Nxd5 Qd6 20. Rd1 h6 21. Nh3
Qxd5 22. Qxd5+ Bxd5 23. Rxd5 Rxc2 24. Rd1 Ne5 25. Nf4 Rfc8 26. h3 Rc1 27. Rxc1
Rxc1+ 28. Kh2 Rc2 29. Kg1 Kf7 30. Nd5 Rd2 31. Nc7 Rd1+ 32. Kh2 f4 33. Rc3 Nc4
34. Nxa6 Nd2 35. Rc7+ Kg6 36. h4 h5 37. Rc2 Nf1+ 38. Kh3 Ng3 39. Rc6+ Kh7 0-1

[Event "I Open Grand Paradis"]
[Site "Arvier ITA"]
[Date "2014.07.25"]
[Round "7"]
[White "Renzi, Marco"]
[Black "Trovero, Leo"]
[WhiteElo "1907"]
[BlackElo "1756"]
[Result "1-0"]
[PlyCount "57"]
[EventDate "2014.07.19"]

1. e4 c5 2. Nc3 e6 3. Bc4 Nc6 4. f4 a6 5. a4 d6 6. Nf3 Nf6 7. d3 Be7 8. O-O O-O
9. Bd2 b6 10. Qe1 Bb7 11. e5 dxe5 12. fxe5 Nd5 13. Qg3 Kh8 14. Ne4 Qd7 15. Rf2
f6 16. Raf1 f5 17. Neg5 h6 18. Qh3 Kg8 19. Qh5 hxg5 20. Bxg5 Qe8 21. Qh4 Bxg5
22. Nxg5 Qg6 23. Rf3 Rae8 24. Rh3 Qh6 25. Qg3 Qg6 26. Bxd5 exd5 27. Rf4 Rf7 28.
Rfh4 Kf8 29. Nh7+ 1-0

[Event "I Open Grand Paradis"]
[Site "Arvier ITA"]
[Date "2014.07.26"]
[Round "8"]
[White "Bellia, Mario"]
[Black "Trovero, Leo"]
[WhiteElo "1481"]
[BlackElo "1756"]
[Result "0-1"]
[PlyCount "90"]
[EventDate "2014.07.19"]

1. b3 d5 2. Bb2 Nf6 3. Nf3 c6 4. d3 h6 5. Nbd2 Bf5 6. h3 e6 7. e3 Be7 8. a4
Nbd7 9. c4 O-O 10. Rc1 Nc5 11. Qc2 dxc4 12. Qxc4 Bxd3 13. Qd4 Bxf1 14. Rxf1
Qxd4 15. Bxd4 Nd3+ 16. Ke2 Nxc1+ 17. Rxc1 Rfd8 18. g4 Nd5 19. Nc4 Bf6 20. Nce5
Bxe5 21. Nxe5 f6 22. Nc4 e5 23. Bc5 b6 24. Ba3 c5 25. Rc2 Rd7 26. f3 Rad8 27.
Bc1 Nb4 28. Rd2 Rxd2+ 29. Bxd2 Kf7 30. Nb2 Ke6 31. e4 Nc6 32. Ke3 Nd4 33. b4
Nc2+ 34. Ke2 Nxb4 35. f4 Rd4 36. f5+ Kd7 37. Bc3 Rxe4+ 38. Kf3 Rf4+ 39. Kg3 Nc2
40. Bd2 Rd4 41. Bc3 Rd5 42. h4 a6 43. g5 b5 44. gxf6 gxf6 45. Kg4 b4 0-1

[Event "I Open Grand Paradis"]
[Site "Arvier ITA"]
[Date "2014.07.26"]
[Round "8"]
[White "Bogatto, Mario"]
[Black "Bagnod, Ruben"]
[WhiteElo "1413"]
[BlackElo "1362"]
[Result "1/2-1/2"]
[PlyCount "55"]
[EventDate "2014.07.19"]

1. e4 e5 2. Nf3 Nc6 3. a3 Nf6 4. Nc3 d6 5. Bc4 Be7 6. h3 a6 7. O-O h6 8. d3 Bd7
9. b4 O-O 10. Be3 Rb8 11. Nd5 Qc8 12. Nxe7+ Nxe7 13. Kh2 Ng6 14. Rh1 Nh5 15.
Kg1 Nhf4 16. g4 Bxg4 17. h4 Bh3 18. Nh2 Nxh4 19. Bxf4 exf4 20. Qh5 Qd7 21. Qxh4
Kh7 22. f3 g5 23. Qf2 Rg8 24. Ng4 Bxg4 25. Qh2 Rg6 26. fxg4 Qxg4+ 27. Qg2 Qxg2+
28. Kxg2 1/2-1/2

[Event "I Open Grand Paradis"]
[Site "Arvier ITA"]
[Date "2014.07.26"]
[Round "8"]
[White "Cullen, Anthony P."]
[Black "Ciuffoletti, Paolo"]
[WhiteElo "2110"]
[BlackElo "2171"]
[Result "0-1"]
[PlyCount "72"]
[EventDate "2014.07.19"]

1. Nf3 g6 2. c4 Bg7 3. g3 e5 4. d3 d6 5. Bg2 f5 6. Nc3 Nf6 7. Bd2 Nc6 8. e4 O-O
9. h3 h6 10. Nh4 Kh7 11. O-O f4 12. Nf3 g5 13. g4 h5 14. Nh2 hxg4 15. hxg4 Nd4
16. f3 c6 17. Rf2 Kg6 18. Ne2 Ne6 19. Bc3 Rh8 20. d4 Qb6 21. c5 dxc5 22. dxe5
Nd7 23. Qd6 Kf7 24. Qd2 Nxe5 25. Nf1 Rd8 26. Qe1 Nd3 27. Ba5 Qxb2 28. Bc3 Bxc3
29. Qxc3 Qxc3 30. Nxc3 Nxf2 31. Kxf2 b5 32. e5 c4 33. Ne4 Rd5 34. Nd6+ Ke7 35.
Nf5+ Kd8 36. Re1 Nc5 0-1

[Event "I Open Grand Paradis"]
[Site "Arvier ITA"]
[Date "2014.07.26"]
[Round "8"]
[White "Gromovs, Sergejs"]
[Black "Renzi, Marco"]
[WhiteElo "2217"]
[BlackElo "1907"]
[Result "1-0"]
[PlyCount "65"]
[EventDate "2014.07.19"]

1. d4 d5 2. c4 c6 3. Nc3 Nf6 4. Nf3 Bf5 5. Qb3 b6 6. cxd5 Nxd5 7. Ne5 e6 8. g4
Bg6 9. h4 f6 10. Nxg6 hxg6 11. e4 Nc7 12. Be3 Bd6 13. O-O-O Qc8 14. f4 b5 15.
e5 Be7 16. Bd3 f5 17. h5 gxh5 18. gxf5 exf5 19. Rdg1 Rh7 20. Qg8+ Bf8 21. Qxh7
Nd5 22. Qxh5+ Kd8 23. Qg5+ Kc7 24. Bxf5 Qa6 25. Nxd5+ cxd5 26. Kb1 b4 27. Rh8
b3 28. a3 Nd7 29. Rc1+ Kb7 30. Qg6 Qb5 31. Bd3 Qa4 32. Ba6+ Qxa6 33. Rc7+ 1-0

[Event "I Open Grand Paradis"]
[Site "Arvier ITA"]
[Date "2014.07.26"]
[Round "8"]
[White "Lyabel, Giacomo"]
[Black "Marguerettaz, Davy"]
[WhiteElo "1512"]
[BlackElo "2187"]
[Result "0-1"]
[PlyCount "76"]
[EventDate "2014.07.19"]

1. d4 d5 2. c4 c6 3. Nf3 Nf6 4. Nc3 dxc4 5. a4 Bg4 6. e3 e6 7. Bxc4 c5 8. Be2
Nc6 9. dxc5 Bxc5 10. O-O Qe7 11. b3 O-O 12. Bb2 Rfd8 13. Qc1 e5 14. Nd2 Nb4 15.
Bxg4 Nd3 16. Qc2 Nxg4 17. Nd1 Rac8 18. Nc4 f5 19. h3 Nf6 20. Nc3 e4 21. Rfd1 f4
22. Qe2 fxe3 23. fxe3 Nxb2 24. Qxb2 Rd3 25. Rxd3 exd3 26. Qf2 Bxe3 27. Qxe3
Qxe3+ 28. Nxe3 Rxc3 29. Rb1 d2 30. Kf2 Rc1 31. Rb2 d1=Q 32. Nxd1 Rxd1 33. Rc2
Kf7 34. Ke2 Rd6 35. Kf2 Rc6 36. Re2 Rb6 37. Rb2 Ne4+ 38. Ke3 Nc5 0-1

[Event "I Open Grand Paradis"]
[Site "Arvier ITA"]
[Date "2014.07.26"]
[Round "8"]
[White "Piazza, Giacomo"]
[Black "Baloire, Endy"]
[WhiteElo "1584"]
[BlackElo "1985"]
[Result "0-1"]
[PlyCount "90"]
[EventDate "2014.07.19"]

1. d4 g6 2. Bf4 Bg7 3. Nf3 Nf6 4. h3 d6 5. Nbd2 O-O 6. e3 Nbd7 7. Bd3 Qe8 8. c3
e5 9. dxe5 dxe5 10. Qa4 exf4 11. Qxf4 Nd5 12. Qe4 Qxe4 13. Bxe4 N7f6 14. Bc2
Re8 15. O-O-O Be6 16. Nd4 a6 17. g3 c5 18. N4f3 Rad8 19. e4 Nb6 20. e5 Nfd7 21.
Rde1 Bd5 22. Ne4 Nxe5 23. Nxe5 Bxe5 24. f4 Bg7 25. Rhf1 Bxe4 26. Bxe4 Re7 27.
Bc2 Rxe1+ 28. Rxe1 Kf8 29. Rf1 Nc4 30. Rf3 b5 31. g4 b4 32. g5 f5 33. gxf6 Bxf6
34. Bb3 Nd2 35. Re3 Nxb3+ 36. axb3 Kf7 37. Kc2 Re8 38. Rxe8 Kxe8 39. Kd3 Kd7
40. Kc4 Kc6 41. cxb4 cxb4 42. Kxb4 Bxb2 43. Ka5 Kb7 44. b4 Bc3 45. Ka4 Kb6 0-1

[Event "I Open Grand Paradis"]
[Site "Arvier ITA"]
[Date "2014.07.26"]
[Round "8"]
[White "Siviero, Mattia"]
[Black "Naumkin, Igor"]
[WhiteElo "1705"]
[BlackElo "2445"]
[Result "0-1"]
[PlyCount "66"]
[EventDate "2014.07.19"]

1. d4 Nf6 2. Bf4 e6 3. Nf3 b6 4. e3 Bb7 5. c3 Be7 6. Nbd2 c5 7. Bd3 Nc6 8. h3
O-O 9. O-O cxd4 10. exd4 Nd5 11. Bh2 d6 12. Qe2 a6 13. a4 Re8 14. Rfe1 Bf8 15.
Qd1 g6 16. Rc1 Bh6 17. Rb1 Nf4 18. Bxf4 Bxf4 19. Be4 f5 20. Bxc6 Bxc6 21. Qb3
Qd7 22. Ra1 b5 23. axb5 axb5 24. Rxa8 Bxa8 25. c4 bxc4 26. Qxc4 Bd5 27. Qb4 Qc7
28. Qc3 Qb7 29. Ra1 Rc8 30. Qd3 Qxb2 31. Rb1 Rc1+ 32. Rxc1 Qxc1+ 33. Nf1 Bc4
0-1

[Event "IV Open Amatori"]
[Site "Arvier ITA"]
[Date "2014.01.02"]
[Round "1"]
[White "Bogatto, Mario"]
[Black "Cirrincione, Giansalvo"]
[WhiteElo "1413"]
[BlackElo "1795"]
[Result "1/2-1/2"]
[PlyCount "145"]
[EventDate "2014.01.02"]

1. e4 c5 2. Ne2 g6 3. Nbc3 Bg7 4. d4 cxd4 5. Nxd4 Nc6 6. Nxc6 bxc6 7. Bd3 d6 8.
O-O Nf6 9. h3 h5 10. Bf4 Nd7 11. Rb1 O-O 12. Qd2 Kh7 13. Ne2 Nc5 14. Rfd1 Be6
15. b3 a5 16. a4 Qc7 17. Be3 Nxd3 18. Qxd3 Bc8 19. c4 c5 20. Nf4 Bb7 21. f3
Rfd8 22. Qc2 e6 23. Qe2 Rd7 24. Nd3 Rad8 25. Bf2 Rf8 26. Be3 Re8 27. Qf2 e5 28.
Qc2 Bh6 29. Bxh6 Kxh6 30. Qd2+ Kh7 31. Nf2 Qd8 32. Nd3 Bc8 33. Nf2 Re6 34. Qe3
f5 35. exf5 gxf5 36. f4 Bb7 37. fxe5 Rxe5 38. Qf4 Qf6 39. g3 Rg7 40. Kh2 Re2
41. Re1 Rge7 42. Rxe2 Rxe2 43. Kg1 Qe6 44. Rf1 Re3 45. Qg5 Rxb3 46. Qxh5+ Kg7
47. Qg5+ Qg6 48. Qe7+ Kg8 49. Qd8+ Kf7 50. Qd7+ Kf8 51. Qd8+ Kg7 52. Qd7+ Qf7
53. Qxd6 Qxc4 54. Qe5+ Kg6 55. Qd6+ Kg7 56. Qe7+ Qf7 57. Qe5+ Kh7 58. Qf4 Qf6
59. Qc7+ Kg6 60. Qf4 Qc6 61. Ne4 Qxe4 62. Qd6+ Kf7 63. Qd7+ Kf6 64. Qd8+ Ke6
65. Qe8+ Kf6 66. Qf8+ Ke5 67. Qe7+ Kd4 68. Qd7+ Kc4 69. Rc1+ Rc3 70. Qb5+ Kd4
71. Rd1+ Rd3 72. Qb2+ Kc4 73. Qb5+ 1/2-1/2

[Event "IV Open Amatori"]
[Site "Arvier ITA"]
[Date "2014.01.02"]
[Round "1"]
[White "Boschetti, Claudio"]
[Black "Piazza, Giacomo"]
[WhiteElo "2105"]
[BlackElo "1603"]
[Result "1-0"]
[PlyCount "55"]
[EventDate "2014.01.02"]

1. e4 c6 2. c4 d6 3. d4 Qc7 4. Nc3 Nf6 5. f4 Bg4 6. Be2 h5 7. e5 Bxe2 8. Qxe2
Ng4 9. h3 Nh6 10. Qxh5 g6 11. Qe2 Nf5 12. Qf2 Nd7 13. Nf3 O-O-O 14. g4 Ng7 15.
Ng5 Rg8 16. Nxf7 Re8 17. Be3 dxe5 18. Nxe5 e6 19. O-O-O Bb4 20. Ne4 Nxe5 21.
dxe5 b6 22. c5 Rd8 23. cxb6 Rxd1+ 24. Rxd1 axb6 25. Bxb6 Qb7 26. Bc5 Ne8 27.
Qd4 Bd2+ 28. Rxd2 1-0

[Event "IV Open Amatori"]
[Site "Arvier ITA"]
[Date "2014.01.02"]
[Round "1"]
[White "Coqueraut, Lodewyk"]
[Black "Ciuffoletti, Paolo"]
[WhiteElo "1716"]
[BlackElo "2182"]
[Result "0-1"]
[PlyCount "62"]
[EventDate "2014.01.02"]

1. d4 d5 2. c4 c6 3. Nc3 Nf6 4. e3 a6 5. Bd3 b5 6. cxd5 cxd5 7. Bd2 e6 8. Rc1
Bb7 9. Bb1 Bd6 10. Nh3 Nbd7 11. O-O Ne4 12. Be1 Qb8 13. f4 O-O 14. g4 f5 15.
Rc2 Ndf6 16. gxf5 exf5 17. Rg2 b4 18. Nxe4 dxe4 19. Bh4 Bd5 20. Rff2 Ra7 21.
Bxf6 Rxf6 22. Qh5 Rc7 23. Rf1 b3 24. a3 Qb5 25. Qh4 Kh8 26. Rg5 Qe2 27. Qf2
Qxf2+ 28. Kxf2 Be7 29. Ng1 Rf8 30. Rh5 g6 31. Rh3 Rfc8 0-1

[Event "IV Open Amatori"]
[Site "Arvier ITA"]
[Date "2014.01.02"]
[Round "1"]
[White "Gennaro, Isabella"]
[Black "Yeuillaz, Corrado"]
[WhiteElo "1767"]
[BlackElo "2211"]
[Result "1/2-1/2"]
[PlyCount "53"]
[EventDate "2014.01.02"]

1. e4 c5 2. Nf3 e6 3. d4 cxd4 4. Nxd4 a6 5. Nc3 Qc7 6. Bd3 Nf6 7. O-O Be7 8.
Kh1 O-O 9. f4 d6 10. a3 Nc6 11. Nce2 b5 12. Nxc6 Qxc6 13. Nd4 Qc7 14. Bd2 Bb7
15. Qe2 Nd7 16. Rf3 Bf6 17. c3 Rfe8 18. Rh3 g6 19. Qg4 Nf8 20. Rf1 Bc8 21. f5
e5 22. Nf3 d5 23. Bh6 Qd6 24. Ng5 Bxg5 25. Bxg5 f6 26. Bh6 Ra7 27. Be3 1/2-1/2

[Event "IV Open Amatori"]
[Site "Arvier ITA"]
[Date "2014.01.02"]
[Round "1"]
[White "Lyabel, Giacomo"]
[Black "Baloire, Endy"]
[WhiteElo "1501"]
[BlackElo "1961"]
[Result "0-1"]
[PlyCount "80"]
[EventDate "2014.01.02"]

1. d4 d5 2. c4 e6 3. Nc3 Nf6 4. Bg5 Nbd7 5. Nf3 c6 6. e3 Qa5 7. Qd2 Bb4 8. Rc1
Ne4 9. Qc2 Nxg5 10. Nxg5 dxc4 11. Nge4 b5 12. a3 Be7 13. g3 Bb7 14. Bg2 O-O 15.
O-O Rfd8 16. Rfd1 Rac8 17. Ne2 c5 18. Qd2 Qb6 19. dxc5 Nxc5 20. Qc2 Nd3 21. Rb1
a6 22. Nd2 Bxg2 23. Kxg2 a5 24. Nc1 h6 25. Nf3 Bf6 26. Rd2 Qb7 27. Nxd3 cxd3
28. Qd1 e5 29. Kf1 e4 30. Ne1 Qb6 31. Ng2 Rc4 32. h4 Rdc8 33. Ne1 Be5 34. Kg2
b4 35. b3 Rc3 36. a4 Qc6 37. Ra2 Rc1 38. Rxc1 Qxc1 39. Rd2 Qxd1 40. Rxd1 Rc3
0-1